=LDR 00000nam 2200000 4500 =001 INLIS000000000021685 =005 20130612120524 =008 ***********************************Ind** =035 ##$$0010-061300000021685 =041 ##$$a Ind =082 ##$$a 618.175 04 =090 ##$$a 618.175 04, Kas-k =100 ##$$a KASDU, Dini =245 ##$$a Kiat sehat dan bahagia di usia monopause, Dini Kasdu =260 ##$$a 2002 $b Jakarta =300 ##$$a vi, 146 hlm , ilus., 23 cm =650 ##$$a Usia - Monopause =850 ##$$a NBPNMAT